All Pokémon with No Evolutions that aren’t Legendary - Statistics

General Stats
  • This quiz has been taken 26 times
    23 since last reset
  • The average score is 48 of 86
Answer Stats
Types Answer % Correct
Normal Ditto
88%
Water-Ice Arctovish
75%
Electric-Ice Arctozolt
75%
Water-Dragon Dracovish
75%
Electric-Dragon Dracozolt
75%
Water-Ice Lapras
75%
Steel-Flying Skarmory
75%
Water Alomomola
69%
Rock-Fairy Carbink
69%
Fighting-Flying Hawlucha
69%
Electric Minun
69%
Electric Plusle
69%
Electric-Ghost Rotom
69%
Normal Tauros
69%
Fire-Dragon Turtonator
69%
Flying-Dark Bombirdier
63%
Flying-Water Cramorant
63%
Ghost-Grass Dhelmise
63%
Water Dondozo
63%
Normal-Flying Farfetch’d
63%
Flying-Fighting Flamigo
63%
Bug Illumise
63%
Normal Kecleon
63%
Water Luvdisc
63%
Water-Rock Relicanth
63%
Poison Seviper
63%
Normal Smeargle
63%
Grass-Flying Tropius
63%
Psychic Unown
63%
Bug Volbeat
63%
Normal Zangoose
63%
Water-Psychic Bruxish
56%
Ice Cryogonal
56%
Electric-Fairy Dedenne
56%
Ice-Flying Delibird
56%
Normal-Dragon Drampa
56%
Bug-Steel Durant
56%
Electric-Flying Emolga
56%
Steel-Fairy Klefki
56%
Rock-Psychic Lunatone
56%
Ghost-Fairy Mimikyu
56%
Electric Pachirisu
56%
Bug-Rock Shuckle
56%
Rock-Psychic Solrock
56%
Ghost-Dark Spiritomb
56%
Ground-Electric Stunfisk
56%
Dragon-Water Tatsugiri
56%
Electric-Steel Togedemaru
56%
Water Wishiwashi
56%
Grass Carnivine
50%
Fairy Comfey
50%
Ice Eiscue
50%
Fighting Falinks
50%
Fire Heatmor
50%
Rock Klawf
50%
Normal Komala
50%
Grass Maractus
50%
Normal-Psychic Oranguru
50%
Fire-Flying Oricorio (Baile)
50%
Psychic-Flying Oricorio (Pa’u)
50%
Electric-Flying Oricorio (Pom-Pom)
50%
Ghost-Flying Oricorio (Sensu)
50%
Fighting Passimian
50%
Water Pyukumuku
50%
Water-Poison Qwilfish
50%
Psychic-Flying Sigilyph
50%
Normal Spinda
50%
Normal Bouffalant
44%
Normal Castform
44%
Dragon-Normal Cyclizar
44%
Dragon Druddigon
44%
Normal Furfrou
44%
Normal Miltank
44%
Rock-Flying Minior
44%
Electric-Dark Morpeko
44%
Steel Orthworm
44%
Fighting Sawk
44%
Rock Stonjourner
44%
Fighting Throh
44%
Fire Torkoal
44%
Normal-Flying Chatot
38%
Water-Rock Corsola
38%
Psychic-Normal Indeedee
38%
Electric Pincurchin
38%
Normal-Flying Squawkabilly
38%
Water-Psychic Veluza
38%
No matching quizzes found
Score Distribution
Percent of People with Each Score
Percentile by Number Answered
Your Score History
You have not taken this quiz since the last reset